The Home Medical Manual (Record no. 11516)

MARC details
000 -LEADER
fixed length control field 00568nam a2200205 a 4500
001 - CONTROL NUMBER
control field 0001-1516
003 - CONTROL NUMBER IDENTIFIER
control field ELIB.Books
008 - FIXED-LENGTH DATA ELEMENTS--GENERAL INFORMATION
fixed length control field 170518 2010 eng
020 ## - INTERNATIONAL STANDARD BOOK NUMBER
International Standard Book Number 0385276494
092 ## - LOCALLY ASSIGNED DEWEY CALL NUMBER (OCLC)
Classification number 610 Lew
Item number Martha
100 ## - MAIN ENTRY--PERSONAL NAME
Personal name Lewis, Martha E.
245 ## - TITLE STATEMENT
Title The Home Medical Manual
Remainder of title Everything You Need to Know About Health and Safety (P-Z)
260 ## - PUBLICATION, DISTRIBUTION, ETC. (IMPRINT)
Place of publication, distribution, etc. New York
Name of publisher, distributor, etc. Doubleday
Date of publication, distribution, etc. 1989
300 ## - PHYSICAL DESCRIPTION
Extent 236
Dimensions 17.3 cm
650 ## - SUBJECT ADDED ENTRY--TOPICAL TERM
Topical term or geographic name as entry element Medical Science
942 ## - ADDED ENTRY ELEMENTS (KOHA)
Source of classification or shelving scheme Dewey Decimal Classification
Koha item type Books
990 ## - EQUIVALENCES OR CROSS-REFERENCES [LOCAL, CANADA]
Link information for 9XX fields 1
998 ## - LOCAL CONTROL INFORMATION (RLIN)
-- Englishbooks.elf
Cataloger's initials, CIN (RLIN) cat
-- 2017-05-18
Holdings
Withdrawn status Lost status Source of classification or shelving scheme Damaged status Not for loan Home library Current library Date acquired Total Checkouts Barcode Date last seen Bill Date Koha item type
    Dewey Decimal Classification     Karen Baptist Theological Seminary Library Karen Baptist Theological Seminary Library 18/05/2017   12003. 22/01/2022 22/01/2022 Books
Implemented & Customized by: BestBookBuddies

Powered by Koha